Investment Management :Security Analysis and Portfolio Management. (Record no. 533)

MARC details
005 - DATE AND TIME OF LATEST TRANSACTION
control field 20250313104830.0
020 ## - INTERNATIONAL STANDARD BOOK NUMBER
International Standard Book Number 81-219 1248-2
082 ## - DEWEY DECIMAL CLASSIFICATION NUMBER
Classification number 332.678 BHA.
100 ## - MAIN ENTRY--PERSONAL NAME
Author name BHALLA,V.K.
245 ## - TITLE STATEMENT
Title Investment Management :Security Analysis and Portfolio Management.
250 ## - EDITION STATEMENT
Edition statement 8thEd.
260 ## - PUBLICATION, DISTRIBUTION, ETC.
Place of publication, distribution, etc. New Delhi,
Name of publisher, distributor, etc. Chand & Company Ltd,
Date of publication, distribution, etc. 2001.
300 ## - PHYSICAL DESCRIPTION
Extent xiv,960p.:Ill.;figures.
Other physical details References.
Dimensions 24cm.
942 ## - ADDED ENTRY ELEMENTS (KOHA)
Source of classification or shelving scheme Dewey Decimal Classification
Koha item type Books
Holdings
Date last seen Total checkouts Full call number Barcode Cost, replacement price Price effective from Koha item type Lost status Source of classification or shelving scheme Damaged status Not for loan Withdrawn status Home library Current library Shelving location Date acquired Cost, normal purchase price
03/13/2025   332.678 BHA. 0000002152 156000.00 03/13/2025 Books   Dewey Decimal Classification       College of Business Education Main Library College of Business Education Main Library General Collection 10/27/2009 52000.00
05/28/2025   332.678 BHA 00000010347 156000.00 05/28/2025 Books   Dewey Decimal Classification       College of Business Education Main Library College of Business Education Main Library General Collection 10/27/2009 52000.00